El filibusterismo /

Uloženo v:
Podrobná bibliografie
Hlavní autor: Gall, Jacques (autor)
Další autoři: Gall, François (autor) (autor), Custodio, Alvaro (traducción) (traducción)
Médium: Kniha
Jazyk:španělština
Vydáno: México : Fondo de Cultura Económica, 1957, c1957
Edice:(Breviarios ; 131)
Témata:
Tagy: Přidat tag
Žádné tagy, Buďte první, kdo vytvoří štítek k tomuto záznamu!

MARC

LEADER 00000nam^a2200000^a^4500
001 000000134
005 20250521000000.0
009 20260310083015.817
037 |a Acervo ITESO - Biblioteca 
041 |a ESP 
082 |a 082.  |b BRE V. 131 
100 |a Gall, Jacques  |e (autor) 
245 1 3 |a El filibusterismo /  |c J. Gall, F. Gall ; tr. por A. Custodio. 
264 4 |a México :  |b Fondo de Cultura Económica,  |c 1957, c1957 
300 |a 246 p. 
336 |a texto  |b txt  |2 rdacontenido 
337 |a sin mediación  |b n  |2 rdamedio 
338 |a volumen  |b nc  |2 rdasoporte 
440 1 |a (Breviarios ;  |v 131) 
500 |a Traducción de: L'Essai Anarchiste des Frères de la Côte 
649 |a XX 
650 |a Piratas -  |x Tema Principal 
650 |a Europa -  |x Historia -  |y Siglo XVII 
650 |a Caribe, El -  |x Historia -  |y Epoca Colonial 
650 |a América -  |x Historia -  |y Epoca Colonial 
700 |a Gall, François  |e (autor) 
700 |a Custodio, Alvaro  |e (traducción) 
910 |a Fondo General 
920 |a Impresos - Libros 
930 |a Colección General 
905 |a 101 
901 |a 0001340100  |b IT1  |c ACC  |i 000134  |u 20250521 
902 |a https://opac.biblio.iteso.mx/vufind/Record/000000134